[Event "ESP-ch U12 rapid"]
[Site "Salobrena"]
[Date "2023.07.16"]
[Round "5"]
[White "Reboredo Barrosa, Antia"]
[Black "Mansor Habash, Zouheir"]
[Result "1-0"]
[WhiteElo "1213"]
[BlackElo "1429"]
[PlyCount "74"]
[EventDate "2023.07.15"]
[EventType "swiss (rapid)"]
[EventRounds "9"]
[EventCountry "ESP"]
[SourceTitle "EXT 2024"]
[Source "ChessBase"]
[SourceDate "2023.10.10"]
[SourceVersion "1"]
[SourceVersionDate "2023.10.10"]
[SourceQuality "1"]

1. e4 c5 2. c3 e5 3. Nf3 Nc6 4. Bc4 Nf6 5. d3 Be7 6. 0-0 0-0 7. Re1 Re8 8. Nbd2 h6 9. Nf1 d6 10. Ng3 Na5 11. Bb5 Nc6 12. Bc4 a6 13. d4 cxd4 14. cxd4 Bg4 15. dxe5 Nxe5 16. h3 Nxf3+ 17. gxf3 Bxh3 18. Be3 Rc8 19. Qb3 Rf8 20. Red1 Bd7 21. Rac1 b5 22. Be2 Rxc1 23. Rxc1 Be6 24. Qc3 Nd7 25. a3 Bf6 26. Qd2 Ne5 27. Bd4 Nc4 28. Bxf6 Qxf6 29. Bxc4 Bxc4 30. Nf5 Qg6+ 31. Ng3 h5 32. Kh2 h4 33. Nf5 Be6 34. Ne7+ Kh7 35. Nxg6 fxg6 36. Qxd6 Bg8 37. Qxf8 Bf7 1-0

[Event "ESP-ch U12"]
[Site "Salobrena"]
[Date "2023.07.12"]
[Round "4"]
[White "Reboredo Barrosa, Antia"]
[Black "Mulet Polo, Pau"]
[Result "1-0"]
[WhiteElo "1282"]
[BlackElo "1495"]
[PlyCount "67"]
[EventDate "2023.07.10"]
[EventType "swiss"]
[EventRounds "9"]
[EventCountry "ESP"]
[SourceTitle "EXT 2024"]
[Source "ChessBase"]
[SourceDate "2023.10.10"]
[SourceVersion "1"]
[SourceVersionDate "2023.10.10"]
[SourceQuality "1"]

1. e4 c5 2. c3 d5 3. exd5 Qxd5 4. d4 Nf6 5. Nf3 Bg4 6. Be2 e6 7. 0-0 Nc6 8. Be3 cxd4 9. cxd4 Be7 10. Nc3 Qd6 11. h3 Bh5 12. Qb3 0-0 13. a3 a6 14. Rfd1 Rfd8 15. Rd2 b5 16. Rad1 Nd5 17. Ne4 Qb8 18. Rc1 Qb6 19. Rxc6 Qxc6 20. Ne5 Qb7 21. Bxh5 g6 22. Be2 Nxe3 23. Qxe3 Bd6 24. Bf3 Qe7 25. Nxd6 Qxd6 26. Bxa8 Rxa8 27. Nxf7 Qc7 28. Ng5 Qc1+ 29. Kh2 Qc7+ 30. Qe5 Qc1 31. Qxe6+ Kh8 32. Qf6+ Kg8 33. Qf7+ Kh8 34. Qxh7# 1-0

[Event "ESP-ch U12"]
[Site "Salobrena"]
[Date "2023.07.11"]
[Round "3"]
[White "Garigorta Martinez, Ibai"]
[Black "Reboredo Barrosa, Antia"]
[Result "1/2-1/2"]
[WhiteElo "1702"]
[BlackElo "1282"]
[PlyCount "95"]
[EventDate "2023.07.10"]
[EventType "swiss"]
[EventRounds "9"]
[EventCountry "ESP"]
[SourceTitle "EXT 2024"]
[Source "ChessBase"]
[SourceDate "2023.10.10"]
[SourceVersion "1"]
[SourceVersionDate "2023.10.10"]
[SourceQuality "1"]

1. e4 e5 2. Nf3 Nc6 3. d4 exd4 4. Nxd4 Bc5 5. Nb3 Bb6 6. Nc3 Nf6 7. Bg5 h6 8. Bh4 d6 9. Qe2 g5 10. Bg3 Qe7 11. 0-0-0 Be6 12. e5 Bxb3 13. axb3 Nxe5 14. Re1 0-0-0 15. f4 gxf4 16. Bh4 Qe6 17. g3 f3 18. Qxf3 Nxf3 19. Rxe6 fxe6 20. Bxf6 Nd4 21. Bxh8 Rxh8 22. Ne2 Nxe2+ 23. Bxe2 Rf8 24. Bg4 Kd7 25. Re1 Rf6 26. Kd1 Ke7 27. Re2 Rf1+ 28. Kd2 Rf2 29. Rxf2 Bxf2 30. Ke2 Bd4 31. c3 Bf6 32. h4 Be5 33. Kf3 a5 34. Bh3 b5 35. g4 Bf6 36. h5 b4 37. cxb4 axb4 38. Kf4 Be5+ 39. Ke4 Bxb2 40. Kd3 Bf6 41. Kc4 c5 42. Bg2 Bg5 43. Kb5 Be3 44. Kc6 d5 45. Bf1 Bd4 46. Bd3 Be3 47. Bf1 Bd4 48. Bd3 1/2-1/2

[Event "Pontevedra op-B 10th"]
[Site "Pontevedra"]
[Date "2022.07.25"]
[Round "3.25"]
[White "Garcia Amor, Isidoro"]
[Black "Reboredo Barrosa, Antia"]
[Result "0-1"]
[WhiteElo "1525"]
[BlackElo "1109"]
[PlyCount "78"]
[EventDate "2022.07.24"]
[EventType "swiss"]
[EventRounds "9"]
[EventCountry "ESP"]
[SourceTitle "EXT 2023"]
[Source "ChessBase"]
[SourceDate "2022.10.05"]
[SourceVersion "1"]
[SourceVersionDate "2022.10.05"]
[SourceQuality "1"]

1. d4 d5 2. Nf3 Nf6 3. e3 Bf5 4. Nh4 Be4 5. Nd2 e6 6. Nhf3 Bf5 7. c3 Be7 8. Qb3 Qc8 9. Ne5 0-0 10. Be2 c5 11. 0-0 Nc6 12. Ndf3 Nd7 13. Nxd7 Qxd7 14. Qa4 a6 15. Qd1 c4 16. Nd2 b5 17. a3 a5 18. b4 axb4 19. cxb4 Nxb4 20. Bb2 Nc2 21. Ra2 Nxa3 22. e4 dxe4 23. Qc1 Qd6 24. Rd1 Rfc8 25. g4 Bg6 26. h4 h6 27. Nb1 Nxb1 28. Rxa8 Rxa8 29. Qxb1 e3 30. Qc1 exf2+ 31. Kg2 Be4+ 32. Bf3 Bxf3+ 33. Kxf3 Bxh4 34. Qf4 Qxf4+ 35. Kxf4 Ra2 36. Ba1 Re2 37. Bc3 Bg5+ 38. Kf3 Re3+ 39. Kxf2 Rxc3 0-1

[Event "Galicia-ch U12"]
[Site "Galicia"]
[Date "2022.04.10"]
[Round "5"]
[White "Reboredo Barrosa, Antia"]
[Black "Amado Fernandez, Nicolas"]
[Result "0-1"]
[WhiteElo "1079"]
[BlackElo "1362"]
[PlyCount "64"]
[EventDate "2022.04.09"]
[EventType "swiss"]
[EventRounds "8"]
[EventCountry "ESP"]
[SourceTitle "EXT 2023"]
[Source "ChessBase"]
[SourceDate "2022.10.05"]
[SourceVersion "1"]
[SourceVersionDate "2022.10.05"]
[SourceQuality "1"]

1. e4 e6 2. d4 d5 3. exd5 exd5 4. Bd3 Bd6 5. Qf3 Nf6 6. Bg5 Nbd7 7. Ne2 0-0 8. 0-0 Re8 9. Nbc3 c6 10. Rfe1 Be7 11. Ng3 h6 12. Bf4 Nf8 13. Nf5 Bxf5 14. Bxf5 Qb6 15. Rad1 Bb4 16. a3 Be7 17. b4 a5 18. Re3 axb4 19. axb4 Bxb4 20. Be5 N8d7 21. Bxd7 Nxd7 22. Qg4 Nxe5 23. dxe5 Bf8 24. h3 Qd8 25. Rd4 Ra1+ 26. Kh2 Qc7 27. Qh5 Bc5 28. Rg3 Bxd4 29. Qxh6 Bxe5 30. Qg5 Bxg3+ 31. fxg3 Ree1 32. Qg4 Rh1# 0-1

[Event "ESP-ch U10"]
[Site "Salobrena"]
[Date "2021.06.30"]
[Round "5"]
[White "Reboredo Barrosa, Antia"]
[Black "Arjona Bereza, Ivan"]
[Result "1-0"]
[WhiteElo "1071"]
[BlackElo "1125"]
[PlyCount "35"]
[EventDate "2021.06.28"]
[EventType "swiss"]
[EventRounds "9"]
[EventCountry "ESP"]
[SourceTitle "EXT 2022"]
[Source "ChessBase"]
[SourceDate "2021.10.06"]
[SourceVersion "1"]
[SourceVersionDate "2021.10.06"]
[SourceQuality "1"]

1. e4 c5 2. d4 cxd4 3. c3 dxc3 4. Nxc3 Nc6 5. Nf3 g6 6. Bc4 Bg7 7. 0-0 Nf6 8. Qe2 d6 9. h3 0-0 10. Rd1 Qc7 11. Bb3 e5 12. Be3 a6 13. Rac1 Be6 14. Nd5 Bxd5 15. exd5 e4 16. Ne1 Rfe8 17. dxc6 bxc6 18. Ba4 1-0

[Event "ESP-ch U10"]
[Site "Salobrena"]
[Date "2021.06.28"]
[Round "2"]
[White "Ibanez Koblash, Daniel"]
[Black "Reboredo Barrosa, Antia"]
[Result "1-0"]
[WhiteElo "1321"]
[BlackElo "1071"]
[PlyCount "113"]
[EventDate "2021.06.28"]
[EventType "swiss"]
[EventRounds "9"]
[EventCountry "ESP"]
[SourceTitle "EXT 2022"]
[Source "ChessBase"]
[SourceDate "2021.10.06"]
[SourceVersion "1"]
[SourceVersionDate "2021.10.06"]
[SourceQuality "1"]

1. d4 d5 2. Nf3 Nf6 3. g3 c6 4. Bg2 Bg4 5. 0-0 e6 6. c4 Nbd7 7. b3 Be7 8. Nc3 0-0 9. Bf4 Ba3 10. Qd2 Bb4 11. Qb2 Qa5 12. Rfc1 Ba3 13. Qc2 Bxc1 14. Qxc1 Qd8 15. Bd6 Re8 16. c5 b6 17. b4 a5 18. b5 cxb5 19. c6 Nb8 20. Nxb5 Na6 21. Rb1 Ne4 22. c7 Qd7 23. Ne5 Qc8 24. Bxe4 dxe4 25. Nxg4 Qb7 26. Qc4 h6 27. Rc1 Rec8 28. Ne5 Qd5 29. Qxd5 exd5 30. Nc6 Nxc7 31. Ne7+ Kh7 32. Nxc7 Rd8 33. Nxa8 Rxd6 34. Nc8 Rd8 35. Naxb6 Re8 36. Nxd5 Rd8 37. Ncb6 Kg6 38. Rc5 a4 39. Nxa4 Ra8 40. Ndb6 Rd8 41. d5 Kf6 42. Rc6+ Ke5 43. d6 Ke6 44. d7+ Ke7 45. Rc8 Rxd7 46. Nxd7 Kxd7 47. Nb6+ Ke6 48. a4 f5 49. a5 g5 50. a6 h5 51. a7 h4 52. a8Q hxg3 53. hxg3 f4 54. Qc6+ Kf5 55. Rf8+ Kg4 56. Qe6+ Kh5 57. Rh8# 1-0